| 000 | 01265cam a2200229 4500 | ||
|---|---|---|---|
| 001 | ABS63511 | ||
| 008 | 000000n2001 000 0 eng u | ||
| 035 | _a(Sirsi) u110435 | ||
| 100 | _aLupton, M. | ||
| 245 | _aEasing the pain | ||
| 260 | _c2001 | ||
| 490 |
_aHousing Today _v(213) 5 January 2001, 16-17(2) |
||
| 520 | _aReviews the government's plans for the future of social housing, as outlined in the DETR guide to social rent reform, and the response of registered social landlords. RSLs have welcomed the increased flexibility in the approach to rent restructuring; that they will be able to produce their own valuations; five percent bandings; and that the Housing Corporation will be able to give waivers or derogations to struggling RSLs. Concern has been expressed, however, that every RSL will have to present an annual restructuring report to the Housing Corporation; about the Housing Corporation's ability to meet expectations as regulator; and what format the review proposed by the government for three years time will take. | ||
| 590 | _aABS | ||
| 650 | _aHOUSING CORPORATION | ||
| 650 | _aHOUSING POLICY | ||
| 650 | _aRSLS | ||
| 650 | _aRENT REFORM | ||
| 650 | _aSOCIAL HOUSING | ||
| 690 |
_aAffordable housing _96215 |
||
| 942 | _n0 | ||
| 999 |
_c65838 _d65838 |
||